<?xml version="1.0" encoding="UTF-8"?>
<collection xmlns="http://www.loc.gov/MARC21/slim">
 <record>
  <leader>01122pamaa2200205   4500</leader>
  <controlfield tag="001">0000040951</controlfield>
  <controlfield tag="005">20110126090000.0</controlfield>
  <datafield tag="020" ind1="0" ind2="0">
   <subfield code="a">(nil) </subfield>
  </datafield>
  <datafield tag="090" ind1="0" ind2="0">
   <subfield code="a">TJ230 </subfield>
   <subfield code="b">JAS 2006</subfield>
  </datafield>
  <datafield tag="100" ind1="1" ind2="1">
   <subfield code="a">JASON KWA BOON BENG </subfield>
  </datafield>
  <datafield tag="245" ind1="0" ind2="0">
   <subfield code="a">Design of shoes dryer and cleaner in raining day by Jason Kwa Boon Beng. 2. The Design of a Hydraulic VEE Press Machine by Lee Ngee Chang. 3. Analysis and testing of the Commercial Aircraft Winglets and Introducing the Idea of Multiple Winglets by Tae Zar Lwin. 4. Air Compressor Rifle by Wong Cheng Heng.</subfield>
  </datafield>
  <datafield tag="260" ind1="0" ind2="0">
   <subfield code="a">Nilai: </subfield>
   <subfield code="b">INTI College Malaysia, </subfield>
   <subfield code="c">January 2006.</subfield>
  </datafield>
  <datafield tag="300" ind1=" " ind2=" ">
   <subfield code="a">Volume I, Number 1 - 4; </subfield>
   <subfield code="c">30 cm.</subfield>
  </datafield>
  <datafield tag="440" ind1="0" ind2="0">
   <subfield code="a">DIPLOMA IN MECHANICAL ENGINEERING JANUARY 2006</subfield>
  </datafield>
  <datafield tag="500" ind1="0" ind2="0">
   <subfield code="a">Being a project report submitted to INTI College Malaysia as a requirements for comppleting Diploma in Mechanical Engineering under the managment and supervision of School of Engineering and Technology, INTI College Malaysia</subfield>
  </datafield>
  <datafield tag="650" ind1="0" ind2="0">
   <subfield code="a">Dissertations, academic -- </subfield>
   <subfield code="x">Mechatronics </subfield>
  </datafield>
  <datafield tag="650" ind1="0" ind2="0">
   <subfield code="a">Dissertations, academic -- </subfield>
   <subfield code="x">Engineering </subfield>
  </datafield>
  <datafield tag="700" ind1="1" ind2="1">
   <subfield code="a">LEE NGEE CHANG </subfield>
  </datafield>
  <datafield tag="700" ind1="1" ind2="1">
   <subfield code="a">TAE ZAR LWIN </subfield>
  </datafield>
  <datafield tag="700" ind1="1" ind2="1">
   <subfield code="a">WONG CHENG HENG </subfield>
  </datafield>
 </record>
</collection>
